000 00263nam a22001217a 4500
008 170516b xxu||||| |||| 00| 0 eng d
041 _aeng
080 _a94*7/8)
100 _a16
101 _aSHH
245 _aA HISTORY AMERICAN
_cWILSON.W
942 _2udc
_cBK
999 _c13426
_d13426